000 01528cam a2200385 i 4500
001 768714001
003 CO-MdFUSB
005 20251015095207.0
007 ta
008 870323t1987 -usa b 000 0 eng
010 _a87007907
020 _a0310262518
020 _a0310262518
040 _aDLC
_cCO-MdFUSB
_dBAKER
_dCO-MdFUSB
_dBTCTA
_dYDXCP
_dOKR
_dCAP
_dUtOrBLW
_bspa
_erda
041 _aeng
082 _223
_a251.01
_bH849
100 1 _aHoward, J. Grant.
_eautor
245 0 0 _aCreativity in preaching
_c/ J. Grant Howard
264 1 _aGrand Rapids, Michigan, Estados Unidos :
_bMinistry Resources Library,
_c[1987]
264 4 _c© 1987
300 _a112 páginas :
_bilustraciones ;
_c21 cm.
336 _atexto
_btxt
_2rdacontent.
337 _asin mediación
_bn
_2rdamedia.
338 _avolumen
_bnc
_2rdacarrier.
490 _aThe Craft of preaching series.
504 _aIncluye referencias bibliográficas (páginas 110-112).
505 _aLos componentes de la predicación. -- Creatividad - Recreación creativa de la configuración de la vida del texto. -- Relativamente creativa a la configuración de la vida de la congregación - Uso creativo de la configuración de la vida del predicador. -- Audio creativo y medios impresos en predicación. -- Uso creativo de ayudas visuales en la predicación.
563 _aRústico
650 0 _aPredicación
_954
650 0 _aEvangelización
_9362
942 _cBK
945 _aJTF-925
999 _c66140
_d66140